Manchester City Current Squad Blitz - Statistics

General Stats
  • This quiz has been taken 114 times
    109 since last reset
  • The average score is 17 of 38
Answer Stats
Shirt # Answer % Correct
2 Kyle Walker
91%
9 Erling Haaland
90%
3 Ruben Dias
90%
10 Jack Grealish
85%
5 John Stones
85%
17 Kevin De Bruyne
84%
47 Phil Foden
81%
6 Nathan Ake
79%
20 Bernardo Silva
76%
25 Manuel Akanji
74%
31 Ederson
73%
11 Jeremy Doku
70%
16 Rodrigo
70%
19 Julian Alvarez
56%
4 Kalvin Phillips
56%
82 Rico Lewis
55%
8 Mateo Kovacic
53%
18 Stefan Ortega
53%
33 Scott Carson
48%
24 Josko Gvardiol
45%
52 Oscar Bobb
44%
7 Joao Cancelo
41%
27 Matheus Nunes
36%
21 Sergio Gomez
36%
13 Zack Steffen
23%
87 James McAtee
15%
97 Josh Wilson-Esbrand
10%
37 Kayky
10%
48 Liam Delap
10%
32 Maximo Perrone
10%
12 Taylor Harwood-Bellis
8%
69 Tommy Doyle
8%
96 Ben Knight
6%
79 Luke Mbete
5%
75 Nico O'Reilly
4%
39 Yan Couto
4%
94 Finley Burns
3%
93 Alex Robertson
1%
No matching quizzes found
Score Distribution
Percent of People with Each Score
Percentile by Number Answered
Your Score History
You have not taken this quiz since the last reset